Nihon shihonshugi no shomondai /

Saved in:
நூற்பட்டியல் விவரங்கள்
தலைமை எழுத்தாளர்: Sakisaka, Itsurō, 1897-
வடிவம்: புத்தகம்
மொழி:Japanese
வெளியீடப்பட்டது: Tōkyō : Shakaishugi Kyōkai Shuppankyoku, 1976, 1977 printing.
பதிப்பு:[Zōho kaitei].
பகுதிகள்:
குறியீடுகள்: குறிச்சொல் இணை
குறியீடுகள் இல்லை, இந்த குறிச்சொல்லை முதலில் பதிவு செய்யுங்கள்!
LEADER 01094nam a2200313 i 4500
001 007764362-3
005 20024617115958.0
008 890711s1976 ja b 000 0 jpn
010 |a 78805628 
035 0 |a ocm23318618 
040 |a DLC  |c MiU  |d CU-S  |d *YNH*  |d CStRLIN 
043 |a a-ja--- 
045 |a w6x- 
050 0 0 |a HD2092  |b .S215 1976 
050 4 |a HD2092  |b S215 1976 
100 1 |6 880-01  |a Sakisaka, Itsurō,  |d 1897- 
245 1 0 |6 880-02  |a Nihon shihonshugi no shomondai /  |c Sakisaka Itsurō cho. 
250 |6 880-03  |a [Zōho kaitei]. 
260 |6 880-04  |a Tōkyō :  |b Shakaishugi Kyōkai Shuppankyoku,  |c 1976, 1977 printing. 
300 |a 17, 317 p. ;  |c 22 cm. 
504 |a Includes bibliographical references. 
650 0 |a Agriculture  |x Economic aspects  |z Japan. 
651 0 |a Japan  |x Economic conditions  |y 1868- 
880 1 |6 100-01  |a 向坂逸郎,  |d 1897- 
880 1 0 |6 245-02  |a 日本資本主義の諸問題 /  |c 向坂逸郎著. 
880 |6 250-03  |a [增補・改訂]. 
880 |6 260-04  |a 東京 :  |b 社会主義協会出版局,  |c 1976, 1977 printing. 
988 |a 20021214 
906 |0 DLC